000 00444nam a22001457a 4500
003 macl
005 20190323140332.0
008 190323b xxu||||| |||| 00| 0 eng d
040 _cmacl
100 _aगर्ग,के; एल.
_973920
245 _aपंजाब केसरी लाला लाजपत राय
260 _aदिल्‍ली
_bशिलालेख
_c2015
650 _aजीवनी
_97943
942 _2ddc
_cHIN
999 _c59097
_d59097